| 000 | 00397nam a22001697a 4500 | ||
|---|---|---|---|
| 999 |
_c7986 _d7984 |
||
| 005 | 20220226132641.0 | ||
| 008 | 220225b ||||| |||| 00| 0 eng d | ||
| 041 | _aeng | ||
| 082 | _a622.076 | ||
| 100 |
_aSWAMY, M KUMARA _97243 |
||
| 245 | _aMINING MACHINERY- II | ||
| 250 | _a3RD, ED. | ||
| 260 |
_aHYDERABAD _bPLANET BOOK HOUSE |
||
| 300 | _a5.19;p | ||
| 650 |
_aPHARMACY _97267 |
||
| 942 | _cBK | ||